LB Islington V Honeygan-Green (Record no. 79382)

MARC details
000 -LEADER
fixed length control field 01924cad a22002415a 4500
001 - CONTROL NUMBER
control field L140943
008 - FIXED-LENGTH DATA ELEMENTS--GENERAL INFORMATION
fixed length control field 071022e20070525xxk f v 000 0 eng d
035 ## - SYSTEM CONTROL NUMBER
System control number (Sirsi) u140943
041 0# - LANGUAGE CODE
Language code of text/sound track or separate title eng
245 00 - TITLE STATEMENT
Title LB Islington V Honeygan-Green
Medium [electronic resource]
260 ## - PUBLICATION, DISTRIBUTION, ETC.
Date of publication, distribution, etc. 2007
520 ## - SUMMARY, ETC.
Summary, etc. [2007] EWHC 1270 (QB), 25 May 2007. Considered whether a long lease could be transferred to a tenant under the right to buy scheme despite the tenant's failure to make rent payments. The appellant local authority (I) appealed against the transfer of the lease to the tenant (H). H was a secure tenant of I, who made application to purchase the property and then fell into rent arrears. Possession orders were issued and suspended, and when H was given the status of tolerated trespasser she successfully paid off her arrears. Subsequently, she fell into arrears once more and a further possession order was issued. I submitted that the judge had erred in upholding H's claim to the lease, since section 121 of the Housing Act 1985 could not be applied due to her obligation to leave the premises. "Held": H's application to buy was not exercisable as her original application was invalid due to her requirement to leave the property the first time she had fallen into arrears. Her right to buy application could not be revived by her repayment of the arrears. Further, at the time of case she was again obliged to leave the property. Appeal allowed.
590 ## - LOCAL NOTE (RLIN)
Local note KA
650 24 - SUBJECT ADDED ENTRY--TOPICAL TERM
Topical term or geographic name entry element HOUSING ACT 1985 S121
650 24 - SUBJECT ADDED ENTRY--TOPICAL TERM
Topical term or geographic name entry element HOUSING ACT 1985 S138
650 24 - SUBJECT ADDED ENTRY--TOPICAL TERM
Topical term or geographic name entry element ISLINGTON LBC V HONEYGAN-GREEN
650 24 - SUBJECT ADDED ENTRY--TOPICAL TERM
Topical term or geographic name entry element ENFIELD LBC V MCKEON
650 24 - SUBJECT ADDED ENTRY--TOPICAL TERM
Topical term or geographic name entry element BRISTOL CITY COUNCIL V LOVELL
651 #4 - SUBJECT ADDED ENTRY--GEOGRAPHIC NAME
Geographic name England and Wales
Chronological subdivision 1543-
690 ## - LOCAL SUBJECT ADDED ENTRY--TOPICAL TERM (OCLC, RLIN)
Topical term or geographic name as entry element PROPERTY-RESIDENTIAL PROPERTY-OWNER-OCCUPIED RESIDENTIAL PROPERTY
856 40 - ELECTRONIC LOCATION AND ACCESS
Uniform Resource Identifier <a href="https://www.bailii.org/ew/cases/EWHC/QB/2007/1270.html">https://www.bailii.org/ew/cases/EWHC/QB/2007/1270.html</a>
Public note View the item free of charge at www.bailii.org...
942 ## - ADDED ENTRY ELEMENTS (KOHA)
Suppress in OPAC 0
Holdings
Withdrawn status Lost status Source of classification or shelving scheme Damaged status Not for loan Home library Current library Shelving location Date acquired Total Checkouts Full call number Barcode Date last seen Copy number Price effective from Koha item type
    Dewey Decimal Classification     Virtual Virtual Online 22/10/2007   ONLINE PUBLICATION 140943-1001 06/08/2019 1 06/08/2019 Law report